[Event "POL-UKR U26"]
[Site "Lublin"]
[Date "2012.11.24"]
[Round "5.3"]
[White "Mjasoedov, Gleb"]
[Black "Pietras, Andrzej"]
[Result "1-0"]
[WhiteElo "2190"]
[BlackElo "1800"]
[PlyCount "123"]
[EventDate "2012.11.21"]
[EventType "team-tourn"]
[EventRounds "5"]
[EventCountry "POL"]
[SourceTitle "CBM 151 Extra"]
[Source "ChessBase"]
[SourceDate "2012.12.18"]
[SourceVersion "1"]
[SourceVersionDate "2012.12.18"]
[SourceQuality "1"]
[WhiteTeam "Donetsk National Univ"]
[BlackTeam "Lublin Curie Sklodowska Univ"]
[WhiteTeamCountry "UKR"]
[BlackTeamCountry "POL"]

1. d4 e6 2. c4 d5 3. Nc3 Nf6 4. cxd5 Nxd5 5. e4 Nxc3 6. bxc3 Be7 7. Nf3 Bd7 8. Be2 c5 9. d5 exd5 10. exd5 0-0 11. 0-0 Bf6 12. Qb3 Qb6 13. Rb1 Qxb3 14. Rxb3 b6 15. c4 Bg4 16. h3 Re8 17. Be3 Bf5 18. Bd1 Nd7 19. g4 Bg6 20. g5 Be5 21. Nxe5 Nxe5 22. Be2 Bf5 23. Kg2 Be4+ 24. Kg3 Bf5 25. a4 Bc2 26. Ra3 f6 27. Rc1 Bf5 28. h4 Kf7 29. a5 fxg5 30. hxg5 g6 31. Rca1 bxa5 32. Rxa5 Nd7 33. Rxa7 Rxa7 34. Rxa7 Rc8 35. Bg4 Bxg4 36. Kxg4 Ke7 37. Bf4 Rf8 38. Ra6 Rf5 39. Bd6+ Ke8 40. f4 Kf7 41. Ra8 Kg7 42. Ra7 Rf7 43. Ra5 h5+ 44. gxh6+ Kxh6 45. Bxc5 Nf6+ 46. Kf3 g5 47. fxg5+ Kxg5 48. Be3+ Kg6 49. Ke2 Rc7 50. Kd3 Kf7 51. Ra7 Rxa7 52. Bxa7 Ke7 53. Bd4 Ne8 54. c5 Kd7 55. Be5 Kc8 56. Kc4 Kb7 57. Kb5 Kc8 58. c6 Kd8 59. d6 Kc8 60. d7+ Kd8 61. dxe8Q+ Kxe8 62. Bf6 1-0

[Event "POL-UKR U26"]
[Site "Lublin"]
[Date "2012.11.22"]
[Round "3.3"]
[White "Rytenko, Vsevolod"]
[Black "Pietras, Andrzej"]
[Result "1-0"]
[WhiteElo "2166"]
[BlackElo "1800"]
[PlyCount "67"]
[EventDate "2012.11.21"]
[EventType "team-tourn"]
[EventRounds "5"]
[EventCountry "POL"]
[SourceTitle "CBM 151 Extra"]
[Source "ChessBase"]
[SourceDate "2012.12.18"]
[SourceVersion "1"]
[SourceVersionDate "2012.12.18"]
[SourceQuality "1"]
[WhiteTeam "Ivano Frankovsk Technical Univ"]
[BlackTeam "Lublin Curie Sklodowska Univ"]
[WhiteTeamCountry "UKR"]
[BlackTeamCountry "POL"]

1. e4 e5 2. f4 Nc6 3. Nf3 d6 4. Bb5 Bd7 5. 0-0 a6 6. Bc4 h6 7. fxe5 Nxe5 8. Nxe5 dxe5 9. Bxf7+ Ke7 10. b3 Nf6 11. Bg6 Bg4 12. Ba3+ Kd7 13. Bf5+ Bxf5 14. Rxf5 Kc8 15. c3 Bxa3 16. Nxa3 Kb8 17. Qe2 Re8 18. Nc4 Nd7 19. Raf1 Ka7 20. Qe3+ b6 21. Qg3 b5 22. Na5 Kb6 23. Qg6+ Kxa5 24. b4+ Ka4 25. Qf7 Nc5 26. bxc5 b4 27. Qb3+ Kb5 28. Qxb4+ Kc6 29. d4 Rb8 30. d5+ Kd7 31. Qa4+ Rb5 32. c6+ Kd6 33. Qa3+ Rc5 34. Rc1 1-0